• 首页
  • 本馆介绍
  • 公告通知
  • 最新文献
  • 馆藏检索
  • 电子资源
  • 读者导购
  • 参考咨询
  • 我的图书馆
  • 登录
  • 详细信息显示
  • 放入我的书架
  • 预约/预借图书
  • 作者相关作品
  • 分类相关作品
  • 丛书相关作品
  • 出版社相关作品

书目信息

  • 表格格式
  • 工作单格式
  • 卡片格式
题名:
常见病家庭护理
    
 
作者: 王菊吾
分册:  
出版信息:   金盾出版社  1991.12
页数: 150页
开本: 32开
丛书名:
单 册:
中图分类: R473.1
科图分类:
主题词: 护理学
电子资源:
ISBN: 978-7-122-02385-8
000 00522nam0 2200181 45
001 9911301546
005 19991130153552.1
010    @a978-7-122-02385-8@d1.90
100    @a19991130d1991 km y0chiy0120 ea
101    @achi
105    @a z 000yy
200 1  @a常见病家庭护理@AChang Jian Bing Jia Ting Hu Li@f王菊吾@FWang Ju Wu@g曹美永
210    @c金盾出版社@d1991.12
215    @a150页@c无图表@d32开
606 0  @a护理学
690    @aR473.1@v3
801    @aCN@bPerfectUser@c19991130
905    @aBZT@b44428-432@f9@dR473.1@e3:1
    
    常见病家庭护理/王菊吾/曹美永.-金盾出版社,1991.12
    150页:无图表;32开
    
    
    ISBN 978-7-122-02385-8:1.90
    
●
相关链接 在五车中查询图书 在当当中查询图书 在豆瓣中查询图书


正题名:常见病家庭护理     索取号:R473.1/3:1         预约/预借

序号 登录号 条形码 馆藏地/架位号 状态 备注
1 44428   200176656   中心书库中库/ 中库008架B面3列4层60/ [索取号:R473.1/3:1] 在馆    
2 44430   200176736   中心书库中库/ 中库008架B面3列4层43/ [索取号:R473.1/3:1] 在馆    
3 44431   200176754   中心书库中库/ 中库008架B面3列4层45/ [索取号:R473.1/3:1] 在馆    
4 44432   200176790   中心书库中库/ 中库008架B面3列4层42/ [索取号:R473.1/3:1] 在馆    
山东省滨州职业学院图书馆 欢迎您!
大连网信软件有限公司© 版权所有